000 00412nam a2200181Ia 4500
008 240830s2005 xx 000 0 und d
041 _aeng
082 _a612 SIR
100 _aSIRCAR SABYASACHI
245 _aMEDICAL PHYSIOLOGY VOL.2
250 _a1 ST
260 _aNEW DELHI
_bN.D.
_c2005
300 _a1156p
440 _v2
650 _aPHYSIOLOGY.
906 _aPHYSIOLOGY
999 _c1200263
_d1200263